Представление документа в формате RUSMARC

ПолеНазваниеЗначение
  Тип записи a
  Библиографический уровень a
001 Контрольный номер RU/CBS_Ul/BASE/513275267
005 Дата корректировки 20240209175158.9
100 Данные общей обработки __
a Данные общей обработки 20160406d2016 ||| 0rusy0189 ca
101 Язык документа 0_
a Язык текста rus
102 Страна публикации __
a Страна публикации RU
105 Кодированные данные (монография) __
a Кодированные данные (монография) y###||||000|y
200 Заглавие и сведения об ответственности 1_
a Заглавие "Клюв" в пятке
b Общее обозначение материала Текст
e Сведения, относящиеся к заглавию [пяточная шпора]
f Первые сведения об ответственности В. Кириллов
300 Общие примечания __
a Общие примечания Ограничения по возрасту - 16+
461 Уровень набора _0
1 2000
a 60 лет - не возраст
463 Уровень физической единицы _0
1 001RU/CBS_Ul/BASE/509027546
1 2000
a № 2
v С. 31-35
1 210
d 2016
606 Тематические рубрики 0_
a Основная рубрика Пяточные шпоры
610 Ключевые слова 0_
a Ключевые слова пяточные шпоры
a Ключевые слова боли в пятке
a Ключевые слова лечение пяточных шпор
a Ключевые слова профилактика пяточных шпор
a Ключевые слова подошвенные фасцииты
686 Индексы других классификаций __
a Классификационный индекс 54.18
2 Код системы ББК
700 Автор _1
a Фамилия Кириллов
b Имя (инициалы) В.
801 Источник записи _0
a Страна RU
b Организация МБУК ЦБС г. Ульяновска
c Дата составления 20160406
g Правила каталогизации RCR
801 Источник записи _1
a Страна RU
b Организация МБУК ЦБС г. Ульяновска
c Дата составления 20160406
g Правила каталогизации RCR
901 Тип документа __
t Тип документа b
w Контрольный № источника RU/CBS_Ul/BASE/509027546
910 Корректоры записи __
a Корректор записи Библиотека 2
938 Служебная информация __
a Имя БД period